000 00884nam a2200253Ia 4500
003 OSt
005 20220930193617.0
006 a|||||r|||| 00| 0
007 ta
008 220926b |||||||| |||| 00| 0 eng d
024 _a11725
037 _cDissertations
040 _aCRL
_cCRL
_beng
041 _2eng
_aeng
100 _aRamesh Kumar
110 _aUniversity of Delhi. Faculty of Medical Sciences. Department of Pharmacology
_9522434
245 0 _aTo study the effect of circadian rhythm on pharmacokinetic parameters of rifampicin and isoniazid in patients of tuberculosis.
260 _c1991
650 _aPHARMACOLOGY
700 _a Dr P Mahajan Supervisor
_9562478
700 _aUniversity of Delhi. Faculty of Medical Sciences. Department of Pharmacology
_9522436
942 _cDIS
_2CC
999 _c896691
_d896691